Focus sur: Valacar - Tolkien - Statistiques

Statistiques générales
  • Ce quiz a été pris 5 fois
  • Le résultat moyen est 4 sur 10
Statistiques - réponses
Informations recherchées Réponses % Correct
Espèce Homme
100%
Professions et titres Roi du Gondor
100%
Contrées et royaumes Gondor
80%
Age durant lequel il vécut Troisième
80%
Première apparition Le Silmarillion
60%
Epouse Vidumavi
20%
Ambassadeur du Gondor
0%
Fils Eldacar
0%
Rhovanion
0%
Père Rómendacil II
0%
Aucun quiz correspondant
Distribution des résultats
% des personnes avec chaque résultat
Percentile par nombre de réponses
Votre historique - résultats
Vous n’avez pas pris ce quiz